OneRepublic - Statistics

General Stats
  • This quiz has been taken 30 times
  • The average score is 11 of 23
Answer Stats
Hint Answer % Correct
And I don't think the world is sold. On just doin' what we're told. Counting Stars
85%
I owned every second that this world could give. I saw so many places. The things I did. I lived
85%
But time is running out, so spend it like it's gold. I'm living like I'm nine-zeros. I Ain't Worried
81%
I'll be your ghost, your game, your stadium. I''ll be your 50 thousand clapping like one. Love Runs Out
73%
And every single dime that good Lord gave me. I could make it last three, four, five days. Run
73%
Something that will light those ears. I'm sick of all the insincere. Secrets
73%
Then you go and cut me down, but wait. Tell me that you're sorry. Apologize
69%
I know things are looking up, but soon they'll take us down. Before anybody's knowin' our name. All The Right Moves
58%
I know life took us far away. But I still dream 'bout the good old days. Rescue Me
58%
Pictures on my phone like. Everything is so fine. Sunshine
58%
Some people lie, but they're looking for magic. Others are quietly going insane. Wherever I Go
58%
Days turns to night. Night turns to whatever we want. Good Life
50%
Yeah, one day down the line before we both run out of time. You're gonna see. Someday
50%
I'm my own worst enemy (enemy). Blue skies only miles away (miles away). RUNAWAY
31%
I know that we're not the same. But I'm so damn glad that we made it. To this time, this time, now. Something I need
31%
Sometimes you gotta run from a broken heart. Before I turn into a ghost, need a brand new start. West Coast
31%
Know that I, know that I still care for you. Tell me why good things have to die. Didn't I
27%
Head down. Swingin' to my own sound. Flashes in my face now. Everybody loves me
27%
"But in a minute, I can tell that they'll be complications", yeah. "But thoughts like these don't die easy." Hurt
27%
Sometimes you gotta __ __. So don't tell me it's too late. Lose Somebody
27%
Whatever you do, don't worry 'bout me. I'm thinking 'bout you, don't worry about us. Better Days
23%
Oh, yeah, and I'd stay through the night. When you got demons tryna break break through the walls. Nobody
19%
Everyone wants to be on (on). Reach out for the things I need. Mirage
8%
No matching quizzes found
Score Distribution
Percent of People with Each Score
Percentile by Number Answered
Your Score History
You have not taken this quiz